Logo CIB grande

ELECTROMAGNETISMO (Registro nro. 222741)

Detalles MARC
000 -LEADER
campo de control de longitud fija 00910nam a2200265Ia 4500
005 - FECHA Y HORA DE LA ÚLTIMA TRANSACCIÓN
campo de control 20250425162123.0
008 - DATOS DE LONGITUD FIJA--INFORMACIÓN GENERAL
campo de control de longitud fija 250425s9999 xx 000 0 und d
020 ## - NÚMERO INTERNACIONAL ESTÁNDAR DEL LIBRO
Número Internacional Estándar del Libro 9701002563
041 ## - CÓDIGO DE IDIOMA
Código de lengua del texto/banda sonora o título independiente spa
082 ## - NÚMERO DE LA CLASIFICACIÓN DECIMAL DEWEY
Número de clasificación 530.141
010 ## - NÚMERO DE CONTROL DE LA BIBLIOTECA DEL CONGRESO
Número de control de LC 51200
100 ## - ENTRADA PRINCIPAL--NOMBRE DE PERSONA
Nombre de persona EDMINISTER, JOSEPH A.
245 #0 - MENCIÓN DEL TÍTULO
Título ELECTROMAGNETISMO
250 ## - MENCION DE EDICION
Mención de edición 1A ED.
260 ## - PUBLICACIÓN, DISTRIBUCIÓN, ETC.
Lugar de publicación, distribución, etc. MEXICO
260 ## - PUBLICACIÓN, DISTRIBUCIÓN, ETC.
Lugar de publicación, distribución, etc. México
Nombre del editor, distribuidor, etc. MCGRAW HILL
Fecha de publicación, distribución, etc. 1992
300 ## - DESCRIPCIÓN FÍSICA
Extensión 202
500 ## - NOTA GENERAL
Nota general EN CIBGZ-FIMCP 50032 Y 50035. COLECCION SCHAUM
520 ## - RESUMEN, ETC.
Sumario, etc. COMPLEMENTO A CUALQUIER TEXTO INTRODUCTORIO DE ELECTROMAGNETISMO PARA INGENIEROS. CADA CAPITULO CONTIENE PROBLEMAS CON SUS SOLUCIONES DETALLADAS Y OFRECE TAMBIEN UNA SERIE DE PROBLEMAS SUPLEMENTARIOS CON LAS RESPUESTAS, ESTE LIBRO ES VENTAJOSO PARA EL EST
650 ## - PUNTO DE ACCESO ADICIONAL DE MATERIA--TÉRMINO DE MATERIA
Término de materia o nombre geográfico como elemento de entrada ANALISIS VECTORIAL
650 ## - PUNTO DE ACCESO ADICIONAL DE MATERIA--TÉRMINO DE MATERIA
Término de materia o nombre geográfico como elemento de entrada ELECTROMAGNETISMO
650 ## - PUNTO DE ACCESO ADICIONAL DE MATERIA--TÉRMINO DE MATERIA
Término de materia o nombre geográfico como elemento de entrada LEY DE GAUSS
700 ## - ENTRADA AGREGADA--NOMBRE PERSONAL
Nombre de persona PEDRO ALBARRACIN
Término indicativo de función/relación traductor
942 ## - ELEMENTOS DE ENTRADA SECUNDARIOS (KOHA)
Tipo de ítem Koha Libros
Existencias
Estatus retirado Estado de pérdida Estado de daño No para préstamo Biblioteca de origen Biblioteca actual Fecha de adquisición Coste, precio normal de compra Total de préstamos Código de barras Copia número
        FACULTAD DE INGENIERIA MECANICA Y CIENCIAS DE LA PRODUCCION FACULTAD DE INGENIERIA MECANICA Y CIENCIAS DE LA PRODUCCION 07/11/2003 17.00   50032 1
        FACULTAD DE INGENIERIA MECANICA Y CIENCIAS DE LA PRODUCCION FACULTAD DE INGENIERIA MECANICA Y CIENCIAS DE LA PRODUCCION 07/11/2003 17.00   50035 2

Copyright 2025 ESPOL. Todos los derechos reservados.